| 000 | 00860nam a22002771c 4500 | ||
|---|---|---|---|
| 001 | a987678544 | ||
| 008 | 161209s eng d | ||
| 041 | _aeng | ||
| 245 | 0 | 0 | _aIndex Religiosus ; IR Elektronische Ressource |
| 264 |
_bBrepols, _c[2016] |
||
| 300 | _aOnline-Ressource | ||
| 338 |
_aOnline-Ressource _bcr _2rdacarrier |
||
| 500 | _aInternational bibliography of Theology, Church history and religious studies | ||
| 500 | _aOnline-Angebot nicht frei zugänglich, Zugang nur im DHI-Lesesaal | ||
| 650 | 0 | _aTheologie | |
| 650 | 0 | _aKirchengeschichte | |
| 650 | 0 | _aReligionsgeschichte | |
| 655 | 0 | _aOnline-Datenbank | |
| 655 | 0 | _aBibliographie | |
| 655 | 0 | _aElektronische Datenbank | |
| 856 | 4 | _uhttp://apps.brepolis.net/LTool/Entrance.aspx?w=23 | |
| 856 | 4 | _uhttp://www.brepolis.net | |
| 942 | _cEDB | ||
| 040 | _cRU-10907106 | ||
| 003 | RU-10907106 | ||
| 999 |
_c55417 _d55417 |
||